[Event "Liberec Region-chT 2223"]
[Site "Czech Republic"]
[Date "2022.10.09"]
[Round "1.2"]
[White "Pospisil, Jiri1111"]
[Black "Pors, Jaroslav"]
[Result "1/2-1/2"]
[WhiteElo "1770"]
[BlackElo "2116"]
[PlyCount "31"]
[EventDate "2022.10.09"]
[EventType "team-tourn"]
[EventRounds "11"]
[EventCountry "CZE"]
[SourceTitle "EXT 2024"]
[Source "ChessBase"]
[SourceDate "2023.10.10"]
[SourceVersion "1"]
[SourceVersionDate "2023.10.10"]
[SourceQuality "1"]

1. e4 c5 2. Nf3 d6 3. Bb5+ Nd7 4. c4 Ngf6 5. Nc3 e6 6. d4 cxd4 7. Nxd4 Be7 8. 0-0 0-0 9. Bxd7 Qxd7 10. b3 b6 11. Bb2 Bb7 12. Qd3 a6 13. Rad1 Qc7 14. Rfe1 Rad8 15. Qg3 Qb8 16. Nd5 1/2-1/2

[Event "Pardubice Czech op-E 32nd"]
[Site "Pardubice"]
[Date "2021.07.16"]
[Round "2.2"]
[White "Hollan, Martin"]
[Black "Pors, Jaroslav"]
[Result "1-0"]
[WhiteElo "2343"]
[BlackElo "1878"]
[PlyCount "89"]
[EventDate "2021.07.15"]
[EventType "team-swiss"]
[EventRounds "7"]
[EventCountry "CZE"]
[SourceTitle "CBM 203 Extra"]
[Source "ChessBase"]
[SourceDate "2021.09.30"]
[SourceVersion "1"]
[SourceVersionDate "2021.09.30"]
[SourceQuality "1"]
[WhiteTeam "Praha Oaza"]
[BlackTeam "Turnov Zikuda III"]
[WhiteTeamCountry "CZE"]
[BlackTeamCountry "CZE"]

1. c4 g6 2. Nf3 Bg7 3. d4 Nf6 4. Nc3 0-0 5. e4 d6 6. Be2 e5 7. d5 a5 8. Bg5 h6 9. Be3 Ng4 10. Bd2 f5 11. h3 Nf6 12. exf5 gxf5 13. Qc1 f4 14. g3 e4 15. Nh4 e3 16. fxe3 fxg3 17. Ng6 Re8 18. Rg1 Bf5 19. Rxg3 Nbd7 20. Nf4 Nc5 21. Kf1 Nfe4 22. Nxe4 Nxe4 23. Rg2 Nxd2+ 24. Qxd2 Qh4 25. Qd4 Re7 26. Ng6 Qxd4 27. Nxe7+ Kf7 28. exd4 Bxh3 29. Nf5 Bxf5 30. Rf2 Kg6 31. Rd1 Bh3+ 32. Kg1 Bf6 33. Rd3 Bd7 34. Rg3+ Bg5 35. Bg4 Bxg4 36. Rxg4 Re8 37. Kf1 Kh5 38. Rg3 Bh4 39. Rf5+ Bg5 40. Rf7 Bh4 41. Rb3 Re1+ 42. Kg2 Re2+ 43. Kh3 b6 44. Rxc7 a4 45. Rxb6 1-0

[Event "Ceske Budejovice op"]
[Site "Ceske Budejovice"]
[Date "2021.07.08"]
[Round "8"]
[White "Pors, Jaroslav"]
[Black "Bombek, Peter"]
[Result "1-0"]
[WhiteElo "1878"]
[BlackElo "2183"]
[PlyCount "59"]
[EventDate "2021.07.01"]
[EventType "swiss"]
[EventRounds "9"]
[EventCountry "CZE"]
[SourceTitle "CBM 203 Extra"]
[Source "ChessBase"]
[SourceDate "2021.09.30"]
[SourceVersion "1"]
[SourceVersionDate "2021.09.30"]
[SourceQuality "1"]

1. d4 d5 2. c4 e6 3. Nf3 Nf6 4. Nc3 Be7 5. Bf4 0-0 6. e3 b6 7. Bd3 Bb7 8. 0-0 Nbd7 9. Qe2 dxc4 10. Bxc4 Nh5 11. Ba6 Nxf4 12. exf4 Qc8 13. Bxb7 Qxb7 14. f5 Bb4 15. fxe6 Nf6 16. exf7+ Kh8 17. Ne5 c5 18. a3 cxd4 19. axb4 dxc3 20. bxc3 Nd7 21. f4 Nxe5 22. fxe5 Rxf7 23. Rxf7 Qxf7 24. e6 Qe7 25. Rf1 Rf8 26. Rxf8+ Qxf8 27. e7 Qe8 28. Qe5 h6 29. Qd6 Kg8 30. Qd5+ 1-0

[Event "Ceske Budejovice op"]
[Site "Ceske Budejovice"]
[Date "2021.07.07"]
[Round "7"]
[White "Pors, Jaroslav"]
[Black "Medunova, Vera"]
[Result "1-0"]
[WhiteElo "1878"]
[BlackElo "2084"]
[PlyCount "81"]
[EventDate "2021.07.01"]
[EventType "swiss"]
[EventRounds "9"]
[EventCountry "CZE"]
[SourceTitle "CBM 203 Extra"]
[Source "ChessBase"]
[SourceDate "2021.09.30"]
[SourceVersion "1"]
[SourceVersionDate "2021.09.30"]
[SourceQuality "1"]

1. d4 Nf6 2. c4 c5 3. d5 b5 4. cxb5 a6 5. f3 e6 6. e4 exd5 7. e5 Qe7 8. Qe2 Ng8 9. Nc3 Bb7 10. Nh3 c4 11. Nf4 Qc5 12. Nfxd5 Bxd5 13. Be3 Qb4 14. a3 Qa5 15. Bd2 Be6 16. Nd5 Qd8 17. Qxc4 Ra7 18. Rc1 axb5 19. Nc7+ Rxc7 20. Qxc7 Nc6 21. Qxd8+ Kxd8 22. Bxb5 Nge7 23. f4 Bd5 24. Kf2 h5 25. Be3 Kc7 26. Rhd1 Be6 27. Rd6 g6 28. b4 Bg7 29. Bd3 Nc8 30. Rxe6 dxe6 31. b5 N8e7 32. Be4 Ra8 33. Bxc6 Rxa3 34. Be8+ Kb7 35. b6 Nd5 36. Bc6+ Kb8 37. Bxd5 exd5 38. Rc7 Bf8 39. Rxf7 Bb4 40. e6 Rd3 41. e7 1-0

[Event "Ceske Budejovice op"]
[Site "Ceske Budejovice"]
[Date "2021.07.03"]
[Round "3"]
[White "Babula, Vlastimil1111"]
[Black "Pors, Jaroslav"]
[Result "1-0"]
[WhiteElo "2086"]
[BlackElo "1878"]
[PlyCount "157"]
[EventDate "2021.07.01"]
[EventType "swiss"]
[EventRounds "9"]
[EventCountry "CZE"]
[SourceTitle "CBM 203 Extra"]
[Source "ChessBase"]
[SourceDate "2021.09.30"]
[SourceVersion "1"]
[SourceVersionDate "2021.09.30"]
[SourceQuality "1"]

1. e4 e6 2. d4 d5 3. Nc3 Bb4 4. e5 c5 5. a3 Ba5 6. b4 cxd4 7. Qg4 Kf8 8. Nb5 Bb6 9. Nf3 Nc6 10. Bb2 h5 11. Qf4 Nge7 12. Bd3 Nf5 13. Bxf5 exf5 14. Nbxd4 Nxd4 15. Bxd4 Bd7 16. 0-0 Rc8 17. Rad1 Be6 18. Rd2 g6 19. Qe3 Kg7 20. Qb3 Rc4 21. Rfd1 Qc7 22. Bxb6 Qxb6 23. Nd4 Rhc8 24. h3 a6 25. Rd3 Kf8 26. R1d2 Qc7 27. Re2 Qb6 28. Qb2 R8c7 29. Nb3 Rc8 30. Na5 R4c7 31. c3 Qb5 32. Red2 Kg7 33. Nb3 b6 34. Nd4 Qd7 35. Ne2 Rc4 36. Rd4 Qc6 37. Qb3 Qb7 38. R2d3 R8c6 39. Qd1 Qc7 40. f4 b5 41. Qd2 Qd8 42. Kh2 Qh4 43. Nc1 Rc8 44. Nb3 R4c6 45. Nc5 Qe7 46. Qb2 Qc7 47. Rd1 a5 48. R1d3 a4 49. Re3 Rb6 50. Qe2 Qe7 51. Red3 Rcb8 52. Qd2 Kg8 53. Qe3 Kg7 54. Kg3 Qc7 55. Qd2 Rc6 56. Kf2 Qe7 57. Ke1 Rcb6 58. Kd1 Rh8 59. Kc1 Qh4 60. Kb2 Rc8 61. Qe3 Rh8 62. Rd1 Rbb8 63. Kc2 Rhc8 64. Rh1 Rh8 65. Kb2 Qe7 66. Qe2 h4 67. Rg1 Rh6 68. Rc1 Rhh8 69. Qf2 Rhc8 70. Rd3 Rc6 71. Qd4 Rbc8 72. Rg1 Rh8 73. Re3 Rh6 74. Qd3 Rb6 75. g4 hxg3 76. Rexg3 Rb8 77. Rg5 Rh4 78. Qg3 Rbh8 79. Rxg6+ 1-0

[Event "Ceske Budejovice op-A"]
[Site "Ceske Budejovice"]
[Date "2020.07.01"]
[Round "1"]
[White "Zeman, Matyas"]
[Black "Pors, Jaroslav"]
[Result "1/2-1/2"]
[WhiteElo "2284"]
[BlackElo "1918"]
[PlyCount "46"]
[EventDate "2020.07.01"]
[EventType "swiss"]
[EventRounds "9"]
[EventCountry "CZE"]
[SourceTitle "CBM 197 Extra"]
[Source "ChessBase"]
[SourceDate "2020.09.30"]
[SourceVersion "1"]
[SourceVersionDate "2020.09.30"]
[SourceQuality "1"]

1. e4 e6 2. d4 d5 3. Nc3 Bb4 4. exd5 exd5 5. Bd3 Nf6 6. Nge2 0-0 7. 0-0 Bg4 8. f3 Bh5 9. Nf4 Bg6 10. Nxg6 hxg6 11. Ne2 c6 12. Ng3 Bd6 13. c3 Nbd7 14. Bd2 Qc7 15. Qe1 Rfe8 16. Qf2 Re7 17. Rfe1 Rae8 18. Rxe7 Rxe7 19. Re1 Nf8 20. Rxe7 Qxe7 21. Ne2 Ne6 22. Qh4 Qc7 23. a3 a5 1/2-1/2